1707 1269 1767 1216 1790 1023 1909 1388 1923 1513 1311 1058 1227 1483 1087 1810 1245 1515 1947 1940 1346 1794 1981 1705 1336 1230 1434 1541 1340 1730 1984 1221 1618 1240 1468 1301 1143 1069 1276 1026 1993 1260 1545 1087 1824 1312 1357 1035 1269 1541 1455 1553 1937 1722 1397 1826 1005 1817 1887 1435 1723 1517 1281 1056 1829 1288 1440 1883 1464 1590 1353 1252 1502 1909 1974 1098 1091 1778 1168 1924 1431 1281 1053 1247 1769 1379 1253 1481 1700 1144 1735 1371 1859 1198 1983 1025 1334 1284 1471 BCNSPRNW ULIB Ver.6.0+V

เปลี่ยนเป็นภาษาไทย

Change to English
 แสดงรายละเอียดบรรณานุกรม
  กลับหน้าหลัก

Brief Record : Get Marc (ISO 2709) : E-mail record : QR code < ปิดหน้าต่าง
LEADER : 00000nam 2200000uu 4500
001    13399108185
003     ULIB
008    110220s2551||||th 000 0 tha d
020    9789740538639
060 04 QV55^bP464ย ล.2 2551
245 00 ยา.^nเล่ม 2 =^bThe pill book-2 /^ceditor-in-chief, HaroldM. Silverman ; พิสิฐ วงศ์วัฒนะ, แปล
246 31 The pill book-2
250    พิมพ์ครั้งที่ 1
260    กรุงเทพฯ :^bหมอชาวบ้าน,^c2551
300    19, 1419 หน้า ;^c21 ซม.
650  7 ยา^vคู่มือ
650  7 การใช้ยา^vคู่มือ
700 0  พิสิฐ วงศ์วัฒนะ,^eผู้แปล
700 1  Silverman, Harold M.,^eed
945    ^p950^l0^i023799
945    ^p950^l0^i023798
995    ทศพร
999 ^a ใช้งานได้ทุกระบบ
รายการนี้ยังไม่มีแท็ก
คุณยังไม่ได้ล็อกอิน คุณสามารถมีกิจกรรมร่วมกับเว็บไซต์ได้ แต่ต้องล็อกอินก่อน ::
  ล็อกอิน

รายการสื่อสารสนเทศ

ลำดับที่ ประเภท เลขเรียก/บาร์โค้ด สถานที่ สถานะ
- ไม่พบข้อมูล -

BibComment


ยังไม่เคยถูกคอมเมนท์

คอมเมนท์ทรัพยากรรายการนี้
  คอมเมนท์: ยา เล่ม 2 The pi..


 Copyright 2026. Bcnsprnw @Library